[Event "BCF-chT1a 0910 (4NCL)"]
[Site "England"]
[Date "2010.02.20"]
[Round "5.4"]
[White "Wheeler, Darren"]
[Black "Rawlinson, Aidan"]
[Result "1-0"]
[WhiteElo "2240"]
[BlackElo "2207"]
[PlyCount "71"]
[EventDate "2009.10.24"]
[EventType "team-tourn"]
[EventRounds "7"]
[EventCountry "ENG"]
[SourceTitle "EXT 2011"]
[Source "ChessBase"]
[SourceDate "2010.11.26"]
[SourceVersion "1"]
[SourceVersionDate "2010.11.26"]
[SourceQuality "1"]
[WhiteTeam "The ADS"]
[BlackTeam "Oxford"]
[WhiteTeamCountry "ENG"]
[BlackTeamCountry "ENG"]

1. e4 c5 2. f4 d5 3. Nc3 e6 4. exd5 exd5 5. Bb5+ Nc6 6. Qe2+ Be7 7. Nf3 Nf6 8. 0-0 0-0 9. Bxc6 bxc6 10. d3 Bg4 11. h3 Bxf3 12. Qxf3 d4 13. Ne4 Nd5 14. f5 f6 15. Bd2 Rb8 16. b3 Bd6 17. Rae1 Rb7 18. Nxd6 Qxd6 19. Re6 Qd7 20. Rfe1 Rbb8 21. Bf4 Rbe8 22. Bd6 Rxe6 23. Rxe6 Re8 24. Qe4 Rxe6 25. Qxe6+ Qxe6 26. fxe6 a6 27. Kf2 Nb4 28. Bxc5 Nxc2 29. g4 Ne3 30. Kf3 Nd5 31. Ke4 Nc3+ 32. Kxd4 Nxa2 33. Ba3 g6 34. Kc5 Kf8 35. Kxc6+ Ke8 36. d4 1-0

[Event "BCF-chT1a 0910 (4NCL)"]
[Site "England"]
[Date "2010.01.16"]
[Round "3.3"]
[White "Mack, Andrew"]
[Black "Wheeler, Darren"]
[Result "1-0"]
[WhiteElo "2213"]
[BlackElo "2240"]
[PlyCount "57"]
[EventDate "2009.10.24"]
[EventType "team-tourn"]
[EventRounds "7"]
[EventCountry "ENG"]
[SourceTitle "EXT 2011"]
[Source "ChessBase"]
[SourceDate "2010.11.26"]
[SourceVersion "1"]
[SourceVersionDate "2010.11.26"]
[SourceQuality "1"]
[WhiteTeam "Jutes of Kent"]
[BlackTeam "The ADS"]
[WhiteTeamCountry "ENG"]
[BlackTeamCountry "ENG"]

1. e4 e6 2. d4 d5 3. Bd3 dxe4 4. Bxe4 Nf6 5. Bf3 c5 6. c3 Na6 7. Ne2 Be7 8. 0-0 cxd4 9. Nxd4 0-0 10. Qe2 Bc5 11. Rd1 Qe7 12. b4 Bxd4 13. Rxd4 Nc7 14. Qe5 Rd8 15. Rxd8+ Qxd8 16. c4 Nd7 17. Qe2 a5 18. b5 Rb8 19. Nc3 e5 20. Be3 b6 21. Rd1 f5 22. Bc6 Qe7 23. Bf4 Qf6 24. Bc1 Nc5 25. Bb2 N5e6 26. Nd5 Qf7 27. Qxe5 Bd7 28. Nxc7 Bxc6 29. Nxe6 1-0

[Event "BCF-chT1c 0809 (4NCL) Promotion pool"]
[Site "England"]
[Date "2009.03.22"]
[Round "8.6"]
[White "Wheeler, Darren"]
[Black "Knott, Simon JB"]
[Result "1/2-1/2"]
[WhiteElo "2231"]
[BlackElo "2349"]
[PlyCount "53"]
[EventDate "2008.10.04"]
[EventType "team-tourn"]
[EventRounds "4"]
[EventCountry "ENG"]
[SourceTitle "EXT 2010"]
[Source "ChessBase"]
[SourceDate "2010.11.25"]
[SourceVersion "1"]
[SourceVersionDate "2010.11.25"]
[SourceQuality "1"]
[WhiteTeam "Gambit ADs"]
[BlackTeam "Barbican"]
[WhiteTeamCountry "ENG"]
[BlackTeamCountry "ENG"]

1. e4 e6 2. d4 d5 3. Nc3 Bb4 4. e5 c5 5. a3 Bxc3+ 6. bxc3 Ne7 7. Qg4 0-0 8. Nf3 Nbc6 9. Bd3 f5 10. Qg3 c4 11. Be2 Qa5 12. Bd2 Bd7 13. h4 f4 14. Qg4 Nf5 15. Qxf4 Qa4 16. Qg4 Qxc2 17. 0-0 Na5 18. Rac1 Qa4 19. Ra1 Nb3 20. Bd1 Qa6 21. Ra2 Nxd2 22. Nxd2 Ba4 23. Bxa4 Qxa4 24. Rb1 b6 25. Nf3 Qd7 26. Ng5 Rae8 27. a4 1/2-1/2

[Event "BCF-chT 0708 (4NCL)"]
[Site "Sunningdale"]
[Date "2007.11.10"]
[Round "3.7"]
[White "Collins, Sam E"]
[Black "Wheeler, Darren"]
[Result "1/2-1/2"]
[WhiteElo "2398"]
[BlackElo "2237"]
[PlyCount "94"]
[EventDate "2007.09.15"]
[EventType "team-tourn"]
[EventRounds "11"]
[EventCountry "ENG"]
[SourceTitle "EXT 2008"]
[Source "ChessBase"]
[SourceDate "2007.11.25"]
[SourceVersion "1"]
[SourceVersionDate "2007.11.25"]
[SourceQuality "1"]
[WhiteTeam "Barbican"]
[BlackTeam "The ADS"]
[WhiteTeamCountry "ENG"]
[BlackTeamCountry "ENG"]

1. Nf3 d5 2. d4 e6 3. c4 c5 4. cxd5 exd5 5. g3 Nc6 6. Bg2 Nf6 7. 0-0 Be7 8. b3 Ne4 9. Bb2 Bf6 10. Nbd2 0-0 11. Nxe4 dxe4 12. Nd2 Bxd4 13. Bxd4 Nxd4 14. Nxe4 Qe7 15. e3 Ne6 16. Qd6 Qxd6 17. Nxd6 Rb8 18. f4 b6 19. Rfd1 Ba6 20. f5 Nc7 21. Bc6 Rfd8 22. a4 Kf8 23. Kf2 Ke7 24. Nb5 Bxb5 25. axb5 a5 26. bxa6 Rxd1 27. Rxd1 Nxa6 28. Rd7+ Kf6 29. Bd5 Kxf5 30. Rxf7+ Kg6 31. Rf4 h5 32. Bf7+ Kh6 33. e4 Nb4 34. Ke2 Nc6 35. Bd5 Ne7 36. Bc4 b5 37. Bd3 Nc6 38. Ke3 Nd4 39. b4 Ne6 40. Rf5 cxb4 41. Be2 g6 42. Rxb5 Rxb5 43. Bxb5 Kg5 44. e5 Kf5 45. Bd3+ Kxe5 46. Bxg6 Ng7 47. Kd3 Kf6 1/2-1/2